Vista normal Vista MARC

Entrada Corporate Name

Número de registros utilizados en: 4

001 - CONTROL NUMBER

  • control field: 6948

003 - CONTROL NUMBER IDENTIFIER

  • control field: OSt

005 - DATE AND TIME OF LATEST TRANSACTION

  • control field: 20200709172107.0

008 - FIXED-LENGTH DATA ELEMENTS

  • fixed length control field: 200709|| aca||aabn | a|a d

040 ## - CATALOGING SOURCE

  • Original cataloging agency: OSt
  • Transcribing agency: OSt

110 ## - HEADING--CORPORATE NAME

  • Corporate name or jurisdiction name as entry element: Colombia. Fundación para la Educación Superior y el Desarrollo

670 ## - SOURCE DATA FOUND

  • Source citation: Work cat.: (OSt)3646: Colombia. Fundación para la Educación Superior y el Desarrollo, Ensayos sobre historia económica colombiana /, 1980.